MARC

LEADER 00000nam a2200000Ia 4500
001 18607
003 Arxiu
005 20260324180544.0
008 160829m19961998spc xx s cat c
040 |a AGDB 
080 |a FU-33-38 
080 |a FU-1-27 
110 2 |9 54307  |a Barcelona (Catalunya : Província).  |b Servei d'Esports i Turisme  |e entitat autora 
245 1 0 |a Catàleg de material de préstec 
260 |a Barcelona :  |b Diputació de Barcelona. Servei d'Esports i Turisme,  |c 1996-1998 
300 |a 2 volums :  |b il·lustracions ;  |c 22 cm 
310 |a Anual 
650 |a Articles esportius  |x Catàlegs  |9 22217 
651 0 |a Barcelona (Catalunya : Província)  |9 50918 
866 |a 1996 
866 |a 1998 
901 |a Arxiu 
942 |n 1  |2 udc  |c ARXIU 
952 |0 0  |1 0  |4 0  |7 1  |9 42127  |a Arxiu  |b Arxiu  |d 2016-12-01  |h 1998  |o FU-1-27  |p 17899  |r 2016-12-01 00:00:00  |w 2016-12-01  |y ARXIU 
952 |0 0  |1 0  |4 0  |7 1  |9 50905  |a Arxiu  |b Arxiu  |d 2023-03-30  |h 1996  |o FU-33-38  |p 18607  |r 2016-12-01 00:00:00  |w 2016-12-01  |y ARXIU 
952 |0 0  |1 0  |4 0  |6 FU127_CÒPIA_DIGITAL  |7 0  |8 Digital  |9 58255  |a TURISME  |b TURISME  |d 2017-06-03  |h 1998  |o FU-1-27 (còpia digital)  |p TURISME17060114  |r 2017-06-03 00:00:00  |u http://bibliotecageneral.diba.cat/cgi-bin/koha/opac-retrieve-file.pl?id=470e6d456ee5ef23f3d6f8c785e932f1  |w 2017-06-03  |y DE 
952 |0 0  |1 0  |4 0  |7 0  |8 Digital  |9 58265  |a TURISME  |b TURISME  |d 2017-06-03  |h 1996  |o E.00879  |p TURISME17060124  |r 2017-06-03 00:00:00  |u http://bibliotecageneral.diba.cat/cgi-bin/koha/opac-retrieve-file.pl?id=d5aabcc22c84329db874497a2afdecba  |w 2017-06-03  |y DE  |z FU-33-38 (còpia digital) 
999 |c 54747  |d 54747